Datum a čas kvízu
23
Celkem bodů
Celkový počet nahraných bodů na tomto kvízu bez doplňovacích otázek.
4.
Pořadí na kvízu
Konečné umístění týmu na tomto kvízu.
Zaznamenané odpovědi
| # | Otázka | Odpověď | Body | Výsledky |
|---|---|---|---|---|
| 1. | Komu přišlo hodně troufalé, že... | 0 | ||
| 2. | Ve středu byla odhalena nejvyš... | 1 | ||
| 3. | Ve čtvrtek vstoupil do našich... | 0 | ||
| 4. | Americká společnost IBM minulý... | 1 | ||
| 5. | Jedna z největších legend svéh... | 0 | ||
| 6. | Pokud jste na titulní otázku o... | 1 | ||
| 7. | Americký herec Tobin Bell byl... | 0 | ||
| 5. | Nejúspěšnějším hororem, co do... | 1 | ||
| 5. | Jak se jmenuje představitel hl... | 0 | ||
| 10. | Shaun je hospodský povaleč, co... | 0 |